Markets (Record no. 83228)

MARC details
000 -LEADER
fixed length control field 01225cab a22002055a 4500
001 - CONTROL NUMBER
control field L153198
008 - FIXED-LENGTH DATA ELEMENTS--GENERAL INFORMATION
fixed length control field 110622e2011 xxk 000 0 eng d
035 ## - SYSTEM CONTROL NUMBER
System control number (Sirsi) u153198
041 0# - LANGUAGE CODE
Language code of text/sound track or separate title eng
100 1# - MAIN ENTRY--PERSONAL NAME
Personal name Hatcher, David
245 00 - TITLE STATEMENT
Title Markets
Remainder of title West London
260 ## - PUBLICATION, DISTRIBUTION, ETC.
Date of publication, distribution, etc. 2011
490 #0 - SERIES STATEMENT
Series statement Property Week
Volume/sequential designation 77(24) 17 June 2011, 45-52(5)
520 ## - SUMMARY, ETC.
Summary, etc. Imperial College seeks to change Glenkerrin's Villiers house office block in Ealing into an educational facility and student accommodation. London Borough of Hammersmith and Fulham, host to some of the UK's biggest development projects, firmly believes in the government's decentralisation agenda. Helical Bar and Aviva to submit planning application in early 2012 for their 1.5m-2m sq ft White City scheme. Airworld Services has expanded its Heathrow operations at Segro X2 to 110 000 sq ft. Chiswick's gradually improving office lettings market experiences gazumping. Blackstone to start soon its speculative development of Building 6 at Chiswick Park.
590 ## - LOCAL NOTE (RLIN)
Local note KA
651 #4 - SUBJECT ADDED ENTRY--GEOGRAPHIC NAME
Geographic name London
690 ## - LOCAL SUBJECT ADDED ENTRY--TOPICAL TERM (OCLC, RLIN)
Topical term or geographic name as entry element PROPERTY-COMMERCIAL PROPERTY-COMMERCIAL PROPERTY FINANCE AND INVESTMENT
690 ## - LOCAL SUBJECT ADDED ENTRY--TOPICAL TERM (OCLC, RLIN)
Topical term or geographic name as entry element PROPERTY-COMMERCIAL PROPERTY-COMMERCIAL PROPERTY MARKET
942 ## - ADDED ENTRY ELEMENTS (KOHA)
Suppress in OPAC 0
Holdings
Withdrawn status Lost status Source of classification or shelving scheme Damaged status Not for loan Home library Current library Shelving location Date acquired Total Checkouts Full call number Barcode Date last seen Copy number Price effective from Koha item type
    Dewey Decimal Classification     London London Journal article 22/06/2011   L153198 153198-1001 06/08/2019 1 06/08/2019 Journal article